00793nam a2200241Ia 4500003000400000008004100004040001600045082001300061100002100074245007400095260004200169300001000211650003200221650002800253650003900281650003300320650002800353650004000381650003400421650003500455650003000490650003100520GCL140319s9999 xx 000 0 eng d aGCL / cGCL04a918bC L1 aCLAWSON, DAVID L10aLATIN AMERICA AND THE CARIBBEAN BOOKS AND POEPLE / cCLAWSON, DAVID L a[S.N] : bBROWN & BENCHMARK ، c1997 a382 P04aLATIN AMERICA - DESCRIPTION04aLATIN AMERICA - TRAVELS04aLATIN AMERICA - ECONOMIC CONDITION04aCARIBBEAN AREA - DESCRIPTION04aCARIBBEAN AREA - TRAVEL04aCARIBBEAN AREA - ECONOMIC CONDITION04aHUMAN GEOGRAPHY-LATIN AMERICA04aHUMAN GEOGRAPHY-CARIBBEAN AREA04aLATIN AMERICA - GEOGRAPHY04aCARIBBEAN AREA - GEOGRAPHY